| 000 | 00469nam a2200193Ia 4500 | ||
|---|---|---|---|
| 008 | 101110s9999 xx 000 0 und d | ||
| 041 | _aENGLISH | ||
| 082 |
_bSR4682 _a574.01 |
||
| 100 | _aHuxley, Julian | ||
| 245 | _aEssays of a Biologist | ||
| 365 | _b5 | ||
| 520 | _aBiology/Zoology | ||
| 546 | _aENGLISH | ||
| 630 | _aEssays of a Biologist | ||
| 650 | _aBiology/Zoology | ||
| 655 | _aBiology/Zoology | ||
| 730 | _aEssays of a Biologist | ||
| 942 | _cBOOK | ||
| 999 |
_c800851 _d800848 |
||